[Event "17. European Women's Championship 2016"]
[Site "Mamaia ROU"]
[Date "2016.05.27"]
[Round "1.24"]
[White "Hapala, Elisabeth"]
[Black "Vega Gutierrez, Sabrina"]
[Result "0-1"]
[WhiteElo "2227"]
[BlackElo "2375"]
[PlyCount "75"]
[EventDate "2016.05.27"]
[EventType "swiss"]
[EventRounds "11"]
[EventCountry "ROU"]
[Source "lmi"]
[SourceDate "2016.05.26"]

1. e4 c5 2. Nf3 d6 3. d4 cxd4 4. Nxd4 Nf6 5. Nc3 e6 6. Be3 a6 7. Qd2 b5 8. f3
e5 9. Nb3 Be6 10. O-O-O Nbd7 11. g4 h6 12. Kb1 Be7 13. h4 Rb8 14. Rg1 b4 15.
Na4 a5 16. g5 Nh5 17. gxh6 g6 18. Qh2 Qc7 19. Nc1 Qc6 20. b3 Rc8 21. Nd3 Bf6
22. Bg5 Rc7 23. Rc1 d5 24. exd5 Qxd5 25. Bh3 Bxh3 26. Qxh3 O-O 27. Rgd1 Qb5 28.
Qg4 Kh7 29. Qe4 Bh8 30. Qe1 Re8 31. Nf2 Re6 32. Ne4 f5 33. Nd2 e4 34. Nc4 Rxc4
35. bxc4 Qxa4 36. Qd2 Nf8 37. Qd5 Bf6 38. Qa8 0-1

[Event "17. European Women's Championship 2016"]
[Site "Mamaia ROU"]
[Date "2016.05.27"]
[Round "1.26"]
[White "Stetsko, Lanita"]
[Black "Arakhamia-Grant, Ketevan"]
[Result "0-1"]
[WhiteElo "2220"]
[BlackElo "2364"]
[PlyCount "62"]
[EventDate "2016.05.27"]
[EventType "swiss"]
[EventRounds "11"]
[EventCountry "ROU"]
[Source "lmi"]
[SourceDate "2016.05.26"]

1. e4 c5 2. Nf3 Nc6 3. Nc3 e5 4. Bc4 Be7 5. d3 Nf6 6. a3 O-O 7. O-O d6 8. h3
Be6 9. Nd5 Bxd5 10. exd5 Nb8 11. b4 Nbd7 12. Bb3 a5 13. Bd2 a4 14. Ba2 Qc7 15.
c4 b6 16. Nh2 Ne8 17. Qh5 g6 18. Qe2 f5 19. f4 Bf6 20. Rae1 Ng7 21. fxe5 Nxe5
22. Bh6 Rfe8 23. Qc2 Nh5 24. Re3 Nf7 25. Rxe8+ Rxe8 26. g4 Ng3 27. Rf3 Bd4+ 28.
Be3 Bxe3+ 29. Kg2 f4 30. Qxa4 Qe7 31. Qd1 Ng5 0-1

[Event "17. European Women's Championship 2016"]
[Site "Mamaia ROU"]
[Date "2016.05.27"]
[Round "1.27"]
[White "Kazimova, Narmin"]
[Black "Dragomirescu, Angela"]
[Result "0-1"]
[WhiteElo "2364"]
[BlackElo "2215"]
[PlyCount "86"]
[EventDate "2016.05.27"]
[EventType "swiss"]
[EventRounds "11"]
[EventCountry "ROU"]
[Source "lmi"]
[SourceDate "2016.05.26"]

1. d4 g6 2. c4 Bg7 3. Nf3 Nf6 4. g3 O-O 5. Bg2 d6 6. O-O Nbd7 7. Nc3 e5 8. e4
c6 9. h3 Qa5 10. Be3 exd4 11. Nxd4 Nb6 12. c5 Nc4 13. cxd6 Nxe3 14. fxe3 Qc5
15. Nf3 Qxe3+ 16. Kh2 Be6 17. e5 Nd7 18. Re1 Qb6 19. Qd2 Rae8 20. Re2 Qd8 21.
Rae1 Nb6 22. b3 Bc8 23. a4 a5 24. Qf4 Be6 25. Nd4 Nd7 26. Qd2 Nb8 27. Qc2 Na6
28. Qd2 Nc5 29. Qd1 Qb6 30. Nxe6 Rxe6 31. Qd4 Nd7 32. Qxb6 Nxb6 33. h4 Rfe8 34.
Bh3 Rxe5 35. d7 Rxe2+ 36. Nxe2 Rd8 37. Rd1 f5 38. g4 Rxd7 39. Rxd7 Nxd7 40.
gxf5 Ne5 41. Kg2 Kf7 42. Nf4 Bf6 43. fxg6+ hxg6 0-1

[Event "17. European Women's Championship 2016"]
[Site "Mamaia ROU"]
[Date "2016.05.27"]
[Round "1.28"]
[White "Abdulla, Khayala"]
[Black "Arabidze, Meri"]
[Result "0-1"]
[WhiteElo "2209"]
[BlackElo "2363"]
[PlyCount "80"]
[EventDate "2016.05.27"]
[EventType "swiss"]
[EventRounds "11"]
[EventCountry "ROU"]
[Source "lmi"]
[SourceDate "2016.05.26"]

1. e4 e5 2. Nf3 Nc6 3. Bb5 a6 4. Ba4 Nf6 5. d3 d6 6. c3 g6 7. O-O Bg7 8. Re1
O-O 9. Bg5 h6 10. Bh4 b5 11. Bc2 Nb8 12. a4 Bb7 13. Na3 c6 14. d4 Qc7 15. Qd2
Nbd7 16. Rad1 Rfe8 17. dxe5 dxe5 18. c4 bxa4 19. Bxa4 a5 20. Qc1 Nc5 21. Bc2
Nh5 22. Qe3 Bf8 23. Bg3 Nxg3 24. hxg3 Rab8 25. Rb1 Ba6 26. Nh2 Bc8 27. Kh1 Qd8
28. Red1 Qf6 29. Qc3 Rb4 30. f4 Bg7 31. Nf3 Bg4 32. fxe5 Qe7 33. Rd6 Qxd6 34.
exd6 Bxc3 35. bxc3 Rxb1+ 36. Bxb1 Bxf3 37. gxf3 Re6 38. Nc2 Rxd6 39. Nd4 a4 40.
e5 Rd7 0-1

[Event "17. European Women's Championship 2016"]
[Site "Mamaia ROU"]
[Date "2016.05.27"]
[Round "1.29"]
[White "Charochkina, Daria"]
[Black "Pavlidou, Ekaterini"]
[Result "1/2-1/2"]
[WhiteElo "2362"]
[BlackElo "2209"]
[PlyCount "26"]
[EventDate "2016.05.27"]
[EventType "swiss"]
[EventRounds "11"]
[EventCountry "ROU"]
[Source "lmi"]
[SourceDate "2016.05.26"]

1. d4 Nf6 2. c4 e6 3. Nc3 Bb4 4. Qc2 O-O 5. a3 Bxc3+ 6. Qxc3 d6 7. g3 e5 8.
dxe5 dxe5 9. Nf3 Nc6 10. Bg5 h6 11. Rd1 Qe7 12. Bc1 a5 13. b3 Be6 1/2-1/2

[Event "17. European Women's Championship 2016"]
[Site "Mamaia ROU"]
[Date "2016.05.27"]
[Round "1.30"]
[White "Zherebtsova, Alexandra"]
[Black "Zimina, Olga"]
[Result "0-1"]
[WhiteElo "2200"]
[BlackElo "2361"]
[PlyCount "110"]
[EventDate "2016.05.27"]
[EventType "swiss"]
[EventRounds "11"]
[EventCountry "ROU"]
[Source "lmi"]
[SourceDate "2016.05.26"]

1. d4 d5 2. Nf3 Nf6 3. c4 c6 4. e3 e6 5. Nc3 Nbd7 6. Qc2 Bd6 7. g4 Nxg4 8. Rg1
Nxh2 9. Nxh2 Bxh2 10. Rxg7 Nf8 11. Rg2 Bd6 12. Bd2 Ng6 13. O-O-O Bd7 14. e4 Qc7
15. e5 Be7 16. Bg5 Bxg5+ 17. Rxg5 O-O-O 18. Rg4 f6 19. exf6 Rdf8 20. Bd3 Rxf6
21. Rh1 Be8 22. cxd5 exd5 23. Kb1 Rhf8 24. Nd1 Kb8 25. a3 Rf4 26. Rxf4 Rxf4 27.
Qe2 Rf8 28. Qc2 Qe7 29. Ka2 Rf6 30. Ne3 Bd7 31. Rh6 Qf7 32. Rh2 Be6 33. Qd2 Nf8
34. Qe1 Rf4 35. Nc2 Kc8 36. Qa5 b6 37. Qc3 Bd7 38. Nb4 Rf6 39. Ka1 a5 40. Ba6+
Kd8 41. Nd3 Ng6 42. Qd2 Bf5 43. Qg5 Ne7 44. Ne5 Qg8 45. Qc1 h6 46. Rh1 Qg2 47.
f3 Qg5 48. Qe1 Qf4 49. Rh4 Qg5 50. Qh1 Qd2 51. Ka2 Kc7 52. Qg1 b5 53. Qg7 Re6
54. Qf8 Qe1 55. Rh2 Bb1+ 0-1

[Event "17. European Women's Championship 2016"]
[Site "Mamaia ROU"]
[Date "2016.05.27"]
[Round "1.31"]
[White "Bulmaga, Irina"]
[Black "Isgandarova, Khayala"]
[Result "1-0"]
[WhiteElo "2360"]
[BlackElo "2193"]
[PlyCount "115"]
[EventDate "2016.05.27"]
[EventType "swiss"]
[EventRounds "11"]
[EventCountry "ROU"]
[Source "lmi"]
[SourceDate "2016.05.26"]

1. e4 c6 2. d4 d5 3. e5 c5 4. dxc5 Nc6 5. a3 Nxe5 6. b4 Nf6 7. Bb2 Qc7 8. Nc3
e6 9. Nf3 Nc6 10. Be2 Be7 11. O-O O-O 12. Nb5 Qd8 13. c4 a5 14. Qb3 b6 15. cxb6
axb4 16. c5 Bxc5 17. Rac1 Ne4 18. axb4 Nxb4 19. Rxc5 Nxc5 20. Qxb4 Nd7 21. Nc7
Rb8 22. Qg4 Nf6 23. Qf4 Rxb6 24. Ba3 Ne4 25. Bxf8 Qxf8 26. Nb5 Ba6 27. Nbd4
Bxe2 28. Nxe2 Qb8 29. Rc1 g6 30. Qxb8+ Rxb8 31. Nfd4 e5 32. Nc6 Rb2 33. Ng3
Nxf2 34. Nxe5 f6 35. Nd7 Ng4 36. Nf1 Kf7 37. h3 Ne5 38. Rc7 Ke6 39. Nxe5 fxe5
40. Rxh7 d4 41. Rg7 Kf6 42. Rd7 Ke6 43. Rd8 Ke7 44. Ra8 Kf6 45. Ng3 Kg5 46. Rf8
Rb1+ 47. Rf1 Rb2 48. Ne4+ Kh6 49. Re1 d3 50. Nf2 d2 51. Rd1 Rc2 52. Kf1 Kh5 53.
Ke2 Kh4 54. Ne4 g5 55. Rxd2 Rxd2+ 56. Kxd2 g4 57. hxg4 Kxg4 58. Ke3 1-0

[Event "17. European Women's Championship 2016"]
[Site "Mamaia ROU"]
[Date "2016.05.27"]
[Round "1.32"]
[White "Khalafova, Narmin"]
[Black "Khukhashvili, Sopiko"]
[Result "0-1"]
[WhiteElo "2193"]
[BlackElo "2355"]
[PlyCount "102"]
[EventDate "2016.05.27"]
[EventType "swiss"]
[EventRounds "11"]
[EventCountry "ROU"]
[Source "lmi"]
[SourceDate "2016.05.26"]

1. e4 g6 2. d4 Bg7 3. Nc3 d6 4. Be3 Nf6 5. Qd2 c6 6. Bh6 O-O 7. Nf3 b5 8. Bd3
Bg4 9. e5 dxe5 10. dxe5 Nfd7 11. Bxg7 Kxg7 12. Qg5 Bxf3 13. gxf3 f6 14. Qg3
Nxe5 15. O-O-O Qa5 16. Kb1 Na6 17. f4 Nc4 18. Bxg6 hxg6 19. Rhg1 g5 20. fxg5 f5
21. Qh4 Rh8 22. Qd4+ Kg6 23. Ne2 Nb4 24. Nf4+ Kf7 25. g6+ Kg8 26. a3 Nxa3+ 27.
bxa3 Qxa3 28. Rd2 Rh4 29. c4 Qb3+ 30. Rb2 Rxf4 31. Rxb3 Rxd4 32. Rxb4 Rad8 33.
Re1 Rd1+ 34. Rxd1 Rxd1+ 35. Kc2 Rd4 36. Rb1 Rxc4+ 37. Kd3 e5 38. Ra1 Ra4 39.
Rc1 Rd4+ 40. Ke3 Rd6 41. Rc5 Re6 42. h4 Kg7 43. h5 Kf6 44. Rc1 a5 45. Rg1 Kg7
46. f4 e4 47. Rd1 Re7 48. Rd6 a4 49. Rxc6 a3 50. Ra6 b4 51. Kd4 e3 0-1

[Event "17. European Women's Championship 2016"]
[Site "Mamaia ROU"]
[Date "2016.05.27"]
[Round "1.33"]
[White "Gara, Ticia"]
[Black "Petrenko, Svetlana"]
[Result "1-0"]
[WhiteElo "2352"]
[BlackElo "2182"]
[PlyCount "62"]
[EventDate "2016.05.27"]
[EventType "swiss"]
[EventRounds "11"]
[EventCountry "ROU"]
[Source "lmi"]
[SourceDate "2016.05.26"]

1. e4 g6 2. d4 Bg7 3. Nf3 c6 4. Be2 d5 5. e5 Nh6 6. O-O O-O 7. Bf4 f6 8. exf6
exf6 9. h3 Nf7 10. c4 Be6 11. cxd5 Qxd5 12. Nc3 Qa5 13. a3 f5 14. b4 Qd8 15.
Rc1 g5 16. d5 cxd5 17. Nb5 gxf4 18. Nc7 Qd6 19. Nxa8 Nc6 20. b5 Rxa8 21. bxc6
bxc6 22. Qc2 Bd7 23. Bd3 Nh6 24. Rfe1 Bf6 25. Qa4 Bb2 26. Rb1 Bxa3 27. Ne5 Be8
28. Qxf4 Nf7 29. Rb7 Nxe5 30. Rxe5 Qf8 31. Qg5+ Kh8 1-0

[Event "17. European Women's Championship 2016"]
[Site "Mamaia ROU"]
[Date "2016.05.27"]
[Round "1.34"]
[White "Ionescu, Irina"]
[Black "Gara, Anita"]
[Result "0-1"]
[WhiteElo "2181"]
[BlackElo "2345"]
[PlyCount "80"]
[EventDate "2016.05.27"]
[EventType "swiss"]
[EventRounds "11"]
[EventCountry "ROU"]
[Source "lmi"]
[SourceDate "2016.05.26"]

1. d4 Nf6 2. Nf3 g6 3. Bf4 Bg7 4. e3 d6 5. h3 O-O 6. Be2 c5 7. c3 Nbd7 8. O-O
b6 9. Nbd2 Bb7 10. a4 a6 11. Bh2 Rc8 12. Bd3 Re8 13. Qe2 Ra8 14. e4 e5 15. dxe5
Nxe5 16. Nxe5 dxe5 17. Nc4 b5 18. axb5 axb5 19. Rxa8 Bxa8 20. Nxe5 c4 21. Bc2
Nxe4 22. Rd1 Qc8 23. f4 Nc5 24. Qf2 Bf8 25. Qh4 Qe6 26. Qg4 Ne4 27. Kf1 Nf6 28.
Qe2 Bc5 29. f5 Qb6 30. Qd2 Qb7 31. Nf3 Nd5 32. Bg1 Be3 33. Qxd5 Qxd5 34. Rxd5
Bxd5 35. Bxe3 Bxf3 36. gxf3 Rxe3 37. fxg6 Rxf3+ 38. Kg2 Re3 39. gxf7+ Kxf7 40.
Bd1 Rd3 0-1

[Event "17. European Women's Championship 2016"]
[Site "Mamaia ROU"]
[Date "2016.05.27"]
[Round "1.35"]
[White "Lazarne Vajda, Szidonia"]
[Black "Utiatskaja, Irina"]
[Result "1/2-1/2"]
[WhiteElo "2345"]
[BlackElo "2181"]
[PlyCount "54"]
[EventDate "2016.05.27"]
[EventType "swiss"]
[EventRounds "11"]
[EventCountry "ROU"]
[Source "lmi"]
[SourceDate "2016.05.26"]

1. e4 c5 2. Nf3 d6 3. d4 cxd4 4. Nxd4 Nf6 5. Nc3 a6 6. Be2 e6 7. O-O Nbd7 8. a4
b6 9. f4 Bb7 10. Bf3 Qc7 11. Kh1 Rc8 12. Qe1 h5 13. f5 e5 14. Nb3 h4 15. h3 d5
16. exd5 Bb4 17. Bd2 Bxc3 18. Bxc3 Nxd5 19. Bxd5 Bxd5 20. Rd1 Qb7 21. Rd2 Rc4
22. Qd1 Bc6 23. Bxe5 O-O 24. Bxg7 Kxg7 25. Qh5 Rg8 26. Qg5+ Kh7 27. Qh5+ Kg7
1/2-1/2

[Event "17. European Women's Championship 2016"]
[Site "Mamaia ROU"]
[Date "2016.05.27"]
[Round "1.36"]
[White "Motycakova, Monika"]
[Black "Osmak, Iulija"]
[Result "1/2-1/2"]
[WhiteElo "2170"]
[BlackElo "2345"]
[PlyCount "51"]
[EventDate "2016.05.27"]
[EventType "swiss"]
[EventRounds "11"]
[EventCountry "ROU"]
[Source "lmi"]
[SourceDate "2016.05.26"]

1. e4 e6 2. d4 d5 3. Nd2 c5 4. exd5 Qxd5 5. Ngf3 cxd4 6. Bc4 Qd6 7. O-O Nf6 8.
Nb3 Nc6 9. Nbxd4 Nxd4 10. Nxd4 Be7 11. Bb3 O-O 12. c3 Bd7 13. Qf3 Qc7 14. Bg5
a5 15. a4 Nd5 16. Bxe7 Nxe7 17. Rfe1 Bc6 18. Qg4 Nd5 19. Rad1 Rad8 20. Rd3 Nf6
21. Qh4 e5 22. Rg3 exd4 23. Rxg7+ Kxg7 24. Qg5+ Kh8 25. Qxf6+ Kg8 26. Qg5+
1/2-1/2

[Event "17. European Women's Championship 2016"]
[Site "Mamaia ROU"]
[Date "2016.05.27"]
[Round "1.37"]
[White "Mirzoeva, Elmira"]
[Black "Salimova, Nurgyul"]
[Result "1-0"]
[WhiteElo "2344"]
[BlackElo "2160"]
[PlyCount "89"]
[EventDate "2016.05.27"]
[EventType "swiss"]
[EventRounds "11"]
[EventCountry "ROU"]
[Source "lmi"]
[SourceDate "2016.05.26"]

1. Nf3 Nf6 2. c4 e6 3. Nc3 d5 4. d4 Be7 5. Bf4 O-O 6. e3 c5 7. dxc5 Bxc5 8. Qc2
Nc6 9. a3 Re8 10. Rd1 e5 11. Bg5 d4 12. Nd5 Be7 13. Bxf6 Bxf6 14. Qd3 h6 15. e4
Bg4 16. Be2 Rc8 17. O-O Be6 18. b4 a5 19. Qb3 axb4 20. axb4 Be7 21. c5 Bg5 22.
Bc4 Kh8 23. Ra1 Bf6 24. Rfd1 Bg5 25. Nb6 Bxc4 26. Qxc4 Rc7 27. g3 Bf6 28. Nd5
Rc8 29. Qb5 Rb8 30. Nd2 Bg5 31. Nc4 Qd7 32. Nd6 Rf8 33. Qc4 Bd8 34. b5 Ne7 35.
Ra7 Nxd5 36. Qxd5 Bc7 37. Rxb7 Rxb7 38. Qxb7 Rb8 39. Qa7 Rd8 40. Nc4 Qc8 41. c6
Rf8 42. Qc5 Re8 43. b6 Bd8 44. c7 Be7 45. Qc6 1-0

[Event "17. European Women's Championship 2016"]
[Site "Mamaia ROU"]
[Date "2016.05.27"]
[Round "1.38"]
[White "Nikoladze, Sopio"]
[Black "Papp, Petra"]
[Result "0-1"]
[WhiteElo "2155"]
[BlackElo "2342"]
[PlyCount "65"]
[EventDate "2016.05.27"]
[EventType "swiss"]
[EventRounds "11"]
[EventCountry "ROU"]
[Source "lmi"]
[SourceDate "2016.05.26"]

1. d4 Nf6 2. c4 g6 3. Nc3 d5 4. Bg5 Bg7 5. Bxf6 Bxf6 6. cxd5 c6 7. dxc6 Bxd4 8.
cxb7 Bxb7 9. e3 Bxc3+ 10. bxc3 Qc7 11. Qb3 O-O 12. Nf3 Nd7 13. Qc4 Nc5 14. Be2
Rfd8 15. Ng5 e6 16. O-O h6 17. Nh3 Rd2 18. Bf3 Ba6 19. Qh4 Rad8 20. Rfb1 Kg7
21. Rd1 e5 22. Rxd2 Rxd2 23. g4 f6 24. Qg3 Qd7 25. g5 hxg5 26. Nxg5 Qf5 27. Nh3
Bc8 28. Bg2 g5 29. e4 Nxe4 30. Bxe4 Qxe4 31. f3 Qe3+ 32. Nf2 Qxc3 33. Rb1 0-1

[Event "17. European Women's Championship 2016"]
[Site "Mamaia ROU"]
[Date "2016.05.27"]
[Round "1.39"]
[White "Babiy, Olga"]
[Black "Galunova, Tsveta"]
[Result "1/2-1/2"]
[WhiteElo "2337"]
[BlackElo "2149"]
[PlyCount "171"]
[EventDate "2016.05.27"]
[EventType "swiss"]
[EventRounds "11"]
[EventCountry "ROU"]
[Source "lmi"]
[SourceDate "2016.05.26"]

1. e4 e5 2. Nf3 Nc6 3. Bb5 a6 4. Ba4 Nf6 5. O-O b5 6. Bb3 Be7 7. Re1 d6 8. h3
O-O 9. c3 Nb8 10. d4 Nbd7 11. Nbd2 Bb7 12. Bc2 c5 13. Nf1 cxd4 14. cxd4 Re8 15.
Ng3 exd4 16. Nxd4 d5 17. exd5 Bxd5 18. Bf4 Nc5 19. Ndf5 Bf8 20. Rxe8 Qxe8 21.
Bg5 Nce4 22. Nxe4 Nxe4 23. Nxg7 Qe5 24. f4 Qxb2 25. Nh5 Nxg5 26. Qxd5 Qxa1+ 27.
Kh2 Re8 28. Qxg5+ Bg7 29. Qf5 h6 30. Bb3 Rf8 31. Qg4 Qd4 32. Ng3 Qb6 33. Ne4
Qc6 34. Qf5 Kh8 35. Nc5 Qg6 36. Qd5 Rc8 37. Ne4 Qc6 38. Qf5 Re8 39. Ng3 Qb6 40.
Qg4 Qg6 41. Qd7 Rf8 42. Qc7 Qf6 43. Ne4 Qd4 44. Ng3 a5 45. Nh5 Qd8 46. Qb7 Qe8
47. Qd5 f5 48. Nxg7 Kxg7 49. Qb7+ Kg6 50. Qb6+ Rf6 51. Qxa5 Qb8 52. Qd2 Qd6 53.
Qe3 Rf8 54. h4 h5 55. Qf3 Kh6 56. Bd1 Qg6 57. Bb3 Re8 58. Qf2 Re7 59. Qb2 Rg7
60. Qf2 Qg4 61. Bd5 Rg6 62. g3 Qd1 63. Bf3 Qc1 64. Qd4 Qc2+ 65. Kh3 Qc8 66. Qe5
Qg8 67. Qe1 Ra6 68. Qe2 Rg6 69. Qf2 b4 70. Bd1 Qd5 71. Bf3 Qc4 72. Qb2 Qc3 73.
Qe2 Qa1 74. Kh2 Qc3 75. Kh3 Qa1 76. Qe8 Qg7 77. Qe1 Qg8 78. Qf2 Qg7 79. Bd1 Qc3
80. Bf3 Qg7 81. Bd1 Qa1 82. Qe2 Rg4 83. Qa6+ Rg6 84. Qe2 Rg4 85. Qa6+ Rg6 86.
Qe2 1/2-1/2

[Event "17. European Women's Championship 2016"]
[Site "Mamaia ROU"]
[Date "2016.05.27"]
[Round "1.40"]
[White "Makropoulou, Marina"]
[Black "Brunello, Marina"]
[Result "1/2-1/2"]
[WhiteElo "2143"]
[BlackElo "2336"]
[PlyCount "78"]
[EventDate "2016.05.27"]
[EventType "swiss"]
[EventRounds "11"]
[EventCountry "ROU"]
[Source "lmi"]
[SourceDate "2016.05.26"]

1. e4 c5 2. Nf3 d6 3. d4 cxd4 4. Nxd4 Nf6 5. Nc3 a6 6. Bg5 Nbd7 7. Qe2 h6 8.
Bh4 g6 9. f4 e5 10. Nf3 Qc7 11. O-O-O Bg7 12. Kb1 O-O 13. f5 b5 14. g4 b4 15.
Nd5 Nxd5 16. Rxd5 Bb7 17. Rd1 g5 18. Be1 Nf6 19. h4 Nxe4 20. hxg5 Nxg5 21. Bg2
Nxf3 22. Bxf3 e4 23. Bg2 d5 24. g5 hxg5 25. Qh5 f6 26. Qh7+ Kf7 27. Qg6+ Kg8
28. Qh7+ Kf7 29. Qg6+ Kg8 30. Bxb4 Rfc8 31. Qh7+ Kf7 32. Qg6+ Kg8 33. c3 a5 34.
Ba3 d4 35. Rxd4 Rd8 36. Qh7+ Kf7 37. Qg6+ Kg8 38. Qh7+ Kf7 39. Qg6+ Kg8 1/2-1/2

[Event "17. European Women's Championship 2016"]
[Site "Mamaia ROU"]
[Date "2016.05.27"]
[Round "1.41"]
[White "Cosma, Elena-Luminita"]
[Black "Sviridova, Vlada"]
[Result "1-0"]
[WhiteElo "2333"]
[BlackElo "2137"]
[PlyCount "55"]
[EventDate "2016.05.27"]
[EventType "swiss"]
[EventRounds "11"]
[EventCountry "ROU"]
[Source "lmi"]
[SourceDate "2016.05.26"]

1. d4 d5 2. Nf3 Nf6 3. c4 c6 4. cxd5 cxd5 5. Nc3 Nc6 6. Bf4 a6 7. Ne5 Qb6 8.
Nxc6 bxc6 9. f3 Nh5 10. Bc1 e6 11. Na4 Qb4+ 12. Kf2 c5 13. Nxc5 Bxc5 14. dxc5
Qxc5+ 15. Be3 Qe7 16. Rc1 Nf6 17. Bc5 Qb7 18. Qd4 Bd7 19. e3 Rc8 20. Be2 Bb5
21. Ba3 Bxe2 22. Kxe2 Kd7 23. Kf2 h6 24. Rc5 e5 25. Qxe5 Rxc5 26. Bxc5 Re8 27.
Qd6+ Kc8 28. Bb6 1-0

[Event "17. European Women's Championship 2016"]
[Site "Mamaia ROU"]
[Date "2016.05.27"]
[Round "1.42"]
[White "Narva, Mai"]
[Black "Matnadze, Ana"]
[Result "0-1"]
[WhiteElo "2121"]
[BlackElo "2332"]
[PlyCount "64"]
[EventDate "2016.05.27"]
[EventType "swiss"]
[EventRounds "11"]
[EventCountry "ROU"]
[Source "lmi"]
[SourceDate "2016.05.26"]

1. e4 c6 2. d4 d5 3. Nc3 dxe4 4. Nxe4 Nf6 5. Nxf6+ gxf6 6. Nf3 Qc7 7. Bd3 Bg4
8. O-O Nd7 9. c4 O-O-O 10. Be3 e6 11. Rb1 c5 12. h3 Bh5 13. Qe2 Rg8 14. Rfd1
cxd4 15. Bxd4 Qf4 16. Kh1 Bd6 17. Be3 Bxf3 18. Bxf4 Bxg2+ 19. Kg1 Bf3+ 20. Bg3
Bxe2 21. Bxe2 Bxg3 22. fxg3 Rxg3+ 23. Kh2 Re3 24. Bh5 Ne5 25. Rxd8+ Kxd8 26. b3
Ke7 27. Kg2 f5 28. Rc1 f4 29. Rc2 Kf6 30. c5 Kg5 31. Bd1 Rd3 32. Rc1 Rd2+ 0-1

[Event "17. European Women's Championship 2016"]
[Site "Mamaia ROU"]
[Date "2016.05.27"]
[Round "1.43"]
[White "Nikolova, Adriana"]
[Black "Jap Tjoen San, Linda"]
[Result "1-0"]
[WhiteElo "2331"]
[BlackElo "2116"]
[PlyCount "67"]
[EventDate "2016.05.27"]
[EventType "swiss"]
[EventRounds "11"]
[EventCountry "ROU"]
[Source "lmi"]
[SourceDate "2016.05.26"]

1. e4 Nf6 2. Nc3 d5 3. e5 d4 4. Nb5 Ng4 5. Nf3 Nc6 6. Qe2 a6 7. h3 Ngxe5 8.
Nxe5 Nxe5 9. Qxe5 axb5 10. Bxb5+ c6 11. Bc4 Ra5 12. Qf4 e6 13. O-O Bd6 14. Qe4
Qf6 15. f4 Rf5 16. d3 h5 17. Rf3 h4 18. Bd2 Rh6 19. c3 Bc5 20. Kh1 Rg6 21. Re1
Kf8 22. Ref1 Bb6 23. Be1 Qd8 24. cxd4 Qxd4 25. Bc3 Qd7 26. d4 Bc7 27. Bd3 Rgf6
28. Qe3 Rh5 29. d5 Rfh6 30. Qd4 f6 31. dxc6 Qxd4 32. Bxd4 bxc6 33. Rc1 Bb7 34.
Be4 1-0

[Event "17. European Women's Championship 2016"]
[Site "Mamaia ROU"]
[Date "2016.05.27"]
[Round "1.44"]
[White "Rogozenco, Teodora"]
[Black "Ovod, Evgenija"]
[Result "0-1"]
[WhiteElo "2104"]
[BlackElo "2329"]
[PlyCount "48"]
[EventDate "2016.05.27"]
[EventType "swiss"]
[EventRounds "11"]
[EventCountry "ROU"]
[Source "lmi"]
[SourceDate "2016.05.26"]

1. d4 f5 2. c4 Nf6 3. Nc3 g6 4. h4 Bg7 5. h5 Nxh5 6. Rxh5 gxh5 7. e4 O-O 8.
Qxh5 fxe4 9. g4 Qe8 10. Qh4 Qg6 11. Bg2 Bxd4 12. Be3 Bxc3+ 13. bxc3 Nc6 14. Ne2
d6 15. Qh1 Qxg4 16. O-O-O Qxe2 17. Bxe4 Bf5 18. Rg1+ Bg6 19. Qh6 Ne5 20. Bxg6
hxg6 21. Rxg6+ Kf7 22. Rg7+ Ke8 23. Rxe7+ Kxe7 24. Bg5+ Kd7 0-1

[Event "17. European Women's Championship 2016"]
[Site "Mamaia ROU"]
[Date "2016.05.27"]
[Round "1.45"]
[White "Foisor, Cristina-Adela"]
[Black "Cosman, Andreea-Marioara"]
[Result "1-0"]
[WhiteElo "2322"]
[BlackElo "2101"]
[PlyCount "83"]
[EventDate "2016.05.27"]
[EventType "swiss"]
[EventRounds "11"]
[EventCountry "ROU"]
[Source "lmi"]
[SourceDate "2016.05.26"]

1. d4 Nf6 2. Nf3 c5 3. d5 d6 4. Nc3 g6 5. e4 Bg7 6. Bb5+ Nfd7 7. O-O O-O 8. a4
Na6 9. Bf4 Nc7 10. Be2 Rb8 11. Qd2 a6 12. Bh6 b5 13. Bxg7 Kxg7 14. axb5 axb5
15. b4 cxb4 16. Na2 Na6 17. Nd4 Ne5 18. Nxb4 Nxb4 19. Qxb4 Bd7 20. f4 Qb6 21.
fxe5 dxe5 22. Qxe7 Qxd4+ 23. Kh1 Rbd8 24. Bd3 Kg8 25. Ra6 Bc8 26. Ra7 Qe3 27.
Rc7 Bg4 28. Qxe5 Be2 29. Re1 Qd2 30. Qc3 Qxc3 31. Rxc3 Bxd3 32. cxd3 Rb8 33.
Kg1 Rfd8 34. Kf2 Kf8 35. Rb1 Rd6 36. Rb4 Ke7 37. Rc7+ Rd7 38. Rc5 Rdb7 39. e5
f6 40. d4 h6 41. Ke3 Rb6 42. Rc7+ 1-0

[Event "17. European Women's Championship 2016"]
[Site "Mamaia ROU"]
[Date "2016.05.27"]
[Round "1.46"]
[White "Sazonova, Anastasia"]
[Black "Kursova, Maria"]
[Result "0-1"]
[WhiteElo "2085"]
[BlackElo "2319"]
[PlyCount "82"]
[EventDate "2016.05.27"]
[EventType "swiss"]
[EventRounds "11"]
[EventCountry "ROU"]
[Source "lmi"]
[SourceDate "2016.05.26"]

1. d4 Nf6 2. c4 e6 3. Nf3 Bb4+ 4. Nbd2 d5 5. e3 O-O 6. a3 Be7 7. Qc2 Nbd7 8.
Be2 b6 9. b4 c5 10. cxd5 Nxd5 11. dxc5 bxc5 12. b5 a6 13. Bb2 Bf6 14. Bxf6 Qxf6
15. O-O Nc3 16. Bd3 axb5 17. Bxh7+ Kh8 18. Ne4 Nxe4 19. Bxe4 Ra6 20. Nd2 Qe5
21. Rfc1 f5 22. Bf3 c4 23. Qb1 Rd8 24. Nf1 Qc5 25. Rd1 Ra5 26. Ng3 Rf8 27. Qb2
Ne5 28. Be2 Bb7 29. Rd4 Rfa8 30. Rb1 Bc6 31. Rbd1 R5a6 32. Rd8+ Rxd8 33. Rxd8+
Kh7 34. Bf1 Ra8 35. Rd4 c3 36. Qc2 Kg8 37. Nh5 Be4 38. Qd1 c2 39. Rd8+ Kf7 40.
Rd7+ Nxd7 41. Qxd7+ Qe7 0-1

[Event "17. European Women's Championship 2016"]
[Site "Mamaia ROU"]
[Date "2016.05.27"]
[Round "1.47"]
[White "Mammadova, Gulnar"]
[Black "Sucikova, Svetlana"]
[Result "1-0"]
[WhiteElo "2319"]
[BlackElo "2072"]
[PlyCount "81"]
[EventDate "2016.05.27"]
[EventType "swiss"]
[EventRounds "11"]
[EventCountry "ROU"]
[Source "lmi"]
[SourceDate "2016.05.26"]

1. e4 c6 2. d4 d5 3. e5 Bf5 4. h4 h5 5. c4 e6 6. Nc3 Nd7 7. cxd5 cxd5 8. Bg5
Be7 9. Nf3 a6 10. Be2 Bg6 11. Bd3 Bxd3 12. Qxd3 Rc8 13. O-O Nb6 14. Rac1 Bxg5
15. Nxg5 Ne7 16. Ne2 Nf5 17. g3 O-O 18. Nf4 Qd7 19. Nxh5 Rc4 20. Nf3 Qc6 21.
Rb1 Rc8 22. g4 Ne7 23. Nf4 Rb4 24. Qd2 a5 25. Nd3 Rc4 26. h5 Qe8 27. Qg5 Nd7
28. Nf4 Nc6 29. h6 g6 30. h7+ Kh8 31. Rfd1 Qf8 32. Kg2 Qb4 33. b3 Rc2 34. Nh4
Ne7 35. Rd3 Rxa2 36. Rf3 Rf8 37. Rh1 Rc2 38. Qxe7 Qxe7 39. Nfxg6+ fxg6 40.
Nxg6+ Kg7 41. Nxf8 1-0

[Event "17. European Women's Championship 2016"]
[Site "Mamaia ROU"]
[Date "2016.05.27"]
[Round "1.48"]
[White "Narva, Regina"]
[Black "Kiolbasa, Oliwia"]
[Result "0-1"]
[WhiteElo "2019"]
[BlackElo "2319"]
[PlyCount "54"]
[EventDate "2016.05.27"]
[EventType "swiss"]
[EventRounds "11"]
[EventCountry "ROU"]
[Source "lmi"]
[SourceDate "2016.05.26"]

1. e4 e5 2. Bc4 Nf6 3. d3 Nc6 4. Nf3 h6 5. Bb3 g6 6. O-O Bg7 7. Nc3 O-O 8. h3
d6 9. a3 Na5 10. Ba2 c5 11. Be3 Nc6 12. Qd2 Kh7 13. Nh2 Nh5 14. g4 Nf4 15. Bxf4
exf4 16. Qxf4 Nd4 17. Qd2 Qh4 18. Kg2 h5 19. f4 hxg4 20. hxg4 Bxg4 21. Nxg4
Qxg4+ 22. Kf2 Nf3 23. Rh1+ Kg8 24. Qe2 Bd4+ 25. Kf1 Qg3 26. Nd5 Nd2+ 27. Qxd2
Qf3+ 0-1